000 00725nam a22002537a 4500
001 BR9505860
003 BR-BrBNA
005 20230928094644.0
007 ta
008 230509b bl.||||| |||| 00| 0 por d
040 _aBR-BrBNA
_bpor
_cBiblioteca Nacional de Agricultura
041 _a(Por)
072 _aE72; E71
_b9702
090 _ 9702 BR9505860
110 1 _aConselho Nacional de Desenvolvimento da Pecuaria, Brasilia, DF (Brasil)
_92664
245 1 _aCredito e tecnica gerando mais carne e mais lucros
260 3 _aBrasilia, DF (Brasil):
_c[nd].
300 _a20 p.
650 _aCarne
650 _aComercio Interno
650 _aComercio Exterior
909 _a202309
_bLucia
_c55
_dLucia Elande
942 _cBK
999 _c51903
_d51903